000
003270000a22001450004500
003
MACL
040
_a
MACL
090
_c
32892
_d
32890
100
_a
Malhotra, Dr. A M
245
_a
Combined Preliminary Examination
260
_b
Bright Careers institus
_c
2002
350
_a
95
650
_a
Education
942
_c
BOOK
_k
378/ Mal
999
_c
32555
_d
32555